000 03526nam0a2200409 4500
001 RU\NLR\BIBL_A\022049715
005 20250408084350.0
010 _a978-5-17-147536-9
_93000
021 _aRU
_bКН-П-23-057732
_9КН-П-23-5816
035 _a(NLR Aleph) 022049715
035 _a(RuMoRGB)012111829
090 _a12594091
_c12594091
100 _a20231013d2023 c y0rusy50 ca
101 0 _arus
102 _aRU
105 _aa j 000zy
181 0 _ai3
_baxxe
181 0 _ab2
_bxb2e
182 0 _an
200 1 _aМои хорошие привычки
_eкак стать самостоятельным
_e[для младшего школьного возраста
_eпрактическое руководство для детей и родителей]
_fНаталия Иванова
203 _aТекст
_aИзображение
_bвизуальные
_cнепосредственные
210 _aМосква
_cМалыш
_cАСТ
_d2023
215 _a78, [1] с.
_cил.
_d26
225 1 _aСерия "Секреты счастливого ребёнка"
330 _aПуть к большому успеху начинается с маленьких привычек! Они автоматизируют наши действия, упорядочивают жизнь. В результате рутинные обязанности выполняются сами собой как по волшебству. Освобождаются энергетические ресурсы мозга для достижения важных целей, для обучения новому, для творчества и саморазвития. В этом тренажёре лайф-коуч Наталия Иванова обучает эффективным приёмам развития эмоционально-волевой сферы. Ребёнку будет интересно самому выбирать привычки и каждый день отмечать результат своих усилий в трекере, заполнять "колесо счастья". Легко и просто ваш сын или дочка приобретут такие важные черты характера, как пунктуальность, организованность, чистоплотность и другие. Задача родителей - поддерживать и вдохновлять! Важно начать заниматься как можно раньше. Ведь многие привычки родом из детства, мы проносим их через всю жизнь. И место полезной привычки может занять вредная
333 _a0+; 6-
606 1 _aДети младшего школьного возраста
_xВоспитание самостоятельности
_92542938
_3RU\NLR\AUTH\661505307
675 _a087.5:159.923
_v4
686 1 _aЧ421.352.212,01
700 1 _7ca
_8rus
_aИванова
_bН. А.
_cэмотолог
_gНаталия Андреевна
_9228298
_3RU\NLR\AUTH\770228354
856 4 _lVNP_SKP
_tVIEW
_uhttps://webservices.nlr.ru/viewer/file?name=a022049715_002.txt
_yАннотация
856 4 1 _lVNP_SKP
_tVIEW
_uhttps://webservices.nlr.ru/viewer/file?name=t022049715_001.jpg
_yОбложка
942 _cBOOK
980 4 _aVNP_SKP
980 _aNB